Online Catalogue and eLibrary

Cinamawa sanskruthiya ha mathawadaya (Record no. 5083)

MARC details
000 -LEADER
fixed length control field 00436nam a2200181Ia 4500
005 - DATE AND TIME OF LATEST TRANSACTION
control field 20250616003016.0
008 - FIXED-LENGTH DATA ELEMENTS--GENERAL INFORMATION
fixed length control field 240331s9999 xx 000 0 und d
020 ## - INTERNATIONAL STANDARD BOOK NUMBER
ISBN 9559545418
082 ## - DDC Classification
Class No. 302
Item Number - Author Mark CIN
100 ## - MAIN ENTRY--PERSONAL NAME
Personal name Wijetunge,G
245 #0 - TITLE STATEMENT
Title Cinamawa sanskruthiya ha mathawadaya
260 ## - PUBLICATION, DISTRIBUTION, ETC.
Place of publication, distribution, etc. Nugegoda
Name of publisher, distributor, etc. Pathama Vijayathunge
Date of publication, distribution, etc. 1994
300 ## - PHYSICAL DESCRIPTION
Extent (e.g. Volumes, Pages etc.) 123 p .,
650 ## - SUBJECT ADDED ENTRY--TOPICAL TERM
Topical term or geographic name entry element Cinema
650 ## - SUBJECT ADDED ENTRY--TOPICAL TERM
Topical term or geographic name entry element Culture
650 ## - SUBJECT ADDED ENTRY--TOPICAL TERM
Topical term or geographic name entry element Ideology
942 ## - Koha item type (Biblio)
Koha item type Books in Stacks (Lending)
Holdings
Lost status Damaged status Collection code Home library Current library Shelving location Date acquired Full call number Accession Number Item type
    Lending WERC Library WERC Library Social Science Cupboard 03/31/2024 302.234 3770 Books in Stacks (Lending)

© WERC Library